Band Members by Instrument - Progressive Rock Edition - Statistics

General Stats
  • This quiz has been taken 315 times
    304 since last reset
  • The average score is 18 of 45
Answer Stats
Band Instrument or Role Answer % Correct
Pink Floyd (1968-1979) Vocals, Guitar David Gilmour
91%
Genesis (1971-1975) Drums, Vocals Phil Collins
91%
Pink Floyd (1968-1979) Vocals, Bass Roger Waters
87%
Genesis (1971-1975) Vocals Peter Gabriel
78%
Rush (1974-2015) Vocals, Bass, Keyboards Geddy Lee
77%
Pink Floyd (1968-1979) Drums Nick Mason
73%
Rush (1974-2015) Drums Neil Peart
72%
Yes (1970-1980) Vocals Jon Anderson
67%
Pink Floyd (1968-1979) Keyboards, Vocals Rick Wright
67%
Jethro Tull (1971-1975) Vocals, Flute, Acoustic Guitar Ian Anderson
64%
Rush (1974-2015) Guitar Alex Lifeson
61%
Yes (1970-1980) Keyboards Rick Wakeman / Tony Kaye / Patrick Moraz
56%
Genesis (1971-1975) Bass Mike Rutherford
54%
King Crimson (1969) Guitar Robert Fripp
54%
Traffic (1967-1969) Guitar, Vocals Dave Mason
53%
Yes (1970-1980) Guitar Steve Howe
53%
Yes (1970-1980) Bass Chris Squire
52%
Yes (1970-1980) Drums Bill Bruford / Alan White
51%
Genesis (1971-1975) Keyboards Tony Banks
51%
King Crimson (1969) Vocals, Bass Greg Lake
49%
Genesis (1971-1975) Guitar Steve Hackett
48%
Dream Theater (1991-2010) Drums Mike Portnoy
37%
Traffic (1967-1969) Vocals, Keyboards Steve Winwood
37%
Jethro Tull (1971-1975) Lead Guitar Martin Barre
34%
Dream Theater (1991-2010) Guitar John Petrucci
33%
Tool (1995-present) Vocals Maynard James Keenan
31%
Tool (1995-present) Drums Danny Carey
24%
Dream Theater (1991-2010) Keyboards Kevin Moore / Derek Sherinian / Jordan Rudess
23%
Dream Theater (1991-2010) Bass John Myung
21%
King Crimson (1969) Lyricist (and official member) Peter Sinfield
21%
King Crimson (1969) Woodwinds, Keyboards Ian McDonald
20%
Dream Theater (1991-2010) Vocals James LaBrie
20%
The Moody Blues (1966-1978) Guitar, Vocals Justin Hayward
20%
King Crimson (1969) Drums Michael Giles
19%
Tool (1995-present) Guitar Adam Jones
17%
The Moody Blues (1966-1978) Bass, Vocals John Lodge
13%
Jethro Tull (1971-1975) Drums Barriemore Barlow / Clive Bunker
12%
The Moody Blues (1966-1978) Drums Graeme Edge
11%
Jethro Tull (1971-1975) Bass Jeffrey Hammond
11%
Tool (1995-present) Bass Justin Chancellor
11%
The Moody Blues (1966-1978) Keyboards, Vocals Mike Pinder
10%
Traffic (1967-1969) Drums Jim Capaldi
9%
The Moody Blues (1966-1978) Flute, Vocals Ray Thomas
8%
Traffic (1967-1969) Woodwinds Chris Wood
7%
Jethro Tull (1971-1975) Keyboards John Evan
7%
No matching quizzes found
Score Distribution
Percent of People with Each Score
Percentile by Number Answered
Your Score History
You have not taken this quiz since the last reset